000 00382nam a2200157Ia 4500
005 20240222114133.0
008 131103s9999 xx 000 0 und d
040 _aLoreto College
041 _aEnglish
082 _a370.954
_bMIT
245 _aEducation in Ancient India,
_cVeda Mitra
650 _aEducation
651 _aEducation, India
850 _aLCLIB
942 _cBK
999 _c18876
_d69355